| 000 | 00873nam a2200241 a 4500 | ||
|---|---|---|---|
| 001 | BRCA_430 | ||
| 005 | 20190320203016.0 | ||
| 008 | 000914s1996 sp a b 001 0 spa d | ||
| 020 | _a848775676X | ||
| 040 |
_aXRW _cXRW |
||
| 050 | 4 |
_aNK3780 _b.T43 _c1989 |
|
| 245 | 1 | 0 |
_aTécnicas de los grandes maestros de la alfarería y cerámica _ccoordinado por Hugo Morley-Fletcher ; [traducción Juan Manuel Ibeas] |
| 260 |
_aMadrid _bHermann Blume _c1996. |
||
| 300 |
_a192 p. _bfot. (principalmente a color) _c31 cm. |
||
| 500 | _aTraducción de: Techniques of the world´s great masters of pottery and ceramics. | ||
| 500 | _aIncluye glosario e índice. | ||
| 504 | _aBibliografía: p. 187. | ||
| 650 | 1 | 4 |
_aCerámica _xHistoria. _91463 |
| 650 | 1 | 4 |
_aPorcelana _xHistoria. _91464 |
| 700 | 1 |
_aMorley-Fletcher, Hugo _91465 |
|
| 700 | 1 |
_aIbeas, Juan Manuel _91466 |
|
| 942 |
_2lcc _cB |
||
| 999 |
_c365 _d365 |
||